Catalog

Record Details

Catalog Search



The jungle  Cover Image CD Audiobook CD Audiobook

The jungle / Clive Cussler and Jack Du Brul.

Cussler, Clive, 1931-2020 (Author). Du Brul, Jack B. (Added Author). Culp, Jason. (Added Author).

Summary:

Jungles come in many forms. There are the steamy rain forests of the Burmese highlands. There are the lies and betrayals of the world of covert operations. And there are the dark and twisted thoughts of a man bent on near-global domination. To pull off their latest mission, Juan Cabrillo and the crew of the Oregon must survive them all.

Record details

  • ISBN: 9780142428900
  • ISBN: 0142428906
  • Physical Description: 11 audio discs (approximately 13 hr.) : digital ; 4 3/4 in.
  • Edition: Unabridged.
  • Publisher: New York : Penguin Audio, ℗2011.

Content descriptions

General Note:
Compact discs.
Creation/Production Credits Note:
Executive producer, Patti Pirooz ; produced and directed by John McElroy.
Participant or Performer Note:
Read by Jason Culp.
Subject: Cabrillo, Juan (Fictitious character) > Fiction.
Mercenary troops > Fiction.
Genre: Suspense fiction.
Adventure fiction.
Audiobooks.

Available copies

  • 1 of 1 copy available at scottsboropl.

Holds

  • 0 current holds with 1 total copy.
Show Only Available Copies
Location Call Number / Copy Notes Barcode Shelving Location Status Due Date
scottsboropl Bk/CD Cus 32269001032427 Adult - Audiobook Available -

LDR 01840cim a2200433Ia 4500
001144112
003CONS
00520200427134459.0
008101018s2011 nyunnnn f n eng d
007sd fungnnmmneu
020 . ‡a9780142428900
020 . ‡a0142428906
035 . ‡a(CPomAG)LMN601137
050 4. ‡aPS3553.U75 ‡bJ86 2011ab
08204. ‡a813/.54 ‡222
1001 . ‡aCussler, Clive, ‡d1931-2020.
24514. ‡aThe jungle / ‡cClive Cussler and Jack Du Brul.
250 . ‡aUnabridged.
260 . ‡aNew York : ‡bPenguin Audio, ‡c℗2011.
300 . ‡a11 audio discs (approximately 13 hr.) : ‡bdigital ; ‡c4 3/4 in.
306 . ‡a130000
336 . ‡aspoken word ‡bspw ‡2rdacontent
337 . ‡aaudio ‡bs ‡2rdamedia
338 . ‡aaudio disc ‡bsd ‡2rdacarrier
4901 . ‡aA novel of the Oregon files ; ‡v8
5110 . ‡aRead by Jason Culp.
500 . ‡aCompact discs.
520 . ‡aJungles come in many forms. There are the steamy rain forests of the Burmese highlands. There are the lies and betrayals of the world of covert operations. And there are the dark and twisted thoughts of a man bent on near-global domination. To pull off their latest mission, Juan Cabrillo and the crew of the Oregon must survive them all.
508 . ‡aExecutive producer, Patti Pirooz ; produced and directed by John McElroy.
650 0. ‡aCabrillo, Juan (Fictitious character) ‡vFiction.
650 0. ‡aMercenary troops ‡vFiction.
655 7. ‡aSuspense fiction. ‡2gsafd
655 7. ‡aAdventure fiction. ‡2gsafd
655 7. ‡aAudiobooks. ‡2lcgft
7001 . ‡aDu Brul, Jack B.
7001 . ‡aCulp, Jason.
8001 . ‡aCussler, Clive. ‡tOregon files (Sound recording) ‡v8.
959 . ‡i32269001032427 ‡lBk/CD Cus ‡aAdult - Audiobook ‡tAudiobook ‡g165.00 ‡d*** 11 CDs
852 . ‡p32269001032427 ‡jBk/CD Cus ‡gAdult - Audiobook ‡cAudiobook ‡y165.00 ‡bSBPL
901 . ‡a144112 ‡bUnknown ‡c144112 ‡tbiblio

Additional Resources